000 00300nam a22001457a 4500
008 230524b ||||| |||| 00| 0 eng d
020 _a9782070376841
041 _aFRA
080 _a82
082 _a82SAR
100 _a38
101 _aGJL
245 _aENFANCE
_cNATHALIE . S
942 _2udc
_cBK
999 _c59834
_d59834